000 00487nam a2200181Ia 4500
001 1770
005 20260306143753.0
008 260306t2017||||xx |||||||||||||| ||spa||
041 _aESP
082 _a155.4
_bC82
100 _aCortés Viniegra, Cristina
_eAUT
245 0 _aMírame, siénteme:
_bestrategias para la reparación del apego en niños mediante EMDR
260 _c2017
300 _a218 páginas :
_c21 cm.
650 _aGEN
654 _aCPS
942 _cLIB
_dJUS
_fJUS
_2ddc
_n
999 _c1770
_d1770